000 00875nam a22002297a 4500
005 20260220111524.0
008 260218b |||||||| |||| 00| 0 eng d
020 _a9789387791237
040 _cVITAP
082 _223
_a658.4 SRI
245 _aBusinessLine Table Talk
_b: Conservations with Leaders /
_cedited by R. Srinivasan... et al.
260 _aChennai
_bTHG Publishing Pvt Ltd.
_c2025
300 _a183p, ill.: 24cm
650 0 _aBusiness Leadership, Corporate Strategy, Entrepreneurship, Economic Policy & Reforms, Industry-Specific Insights, Globalisation & International Trade etc.
_917085
700 _aSrinivasan, R.
_eEditor
_917164
700 _aRao, Parimala Ed.
_917088
700 _aKamath, Vinay Ed.
_917087
700 _aBalaji, Indira Ed.
_917089
700 _aRajkumar, Mythili Ed.
_917090
700 _aRevanna, Ananya Ed.
_917091
942 _2ddc
_cREF
999 _c47274
_d47274